Umíte dělat buzzmarketing?
Buzzmarketing ako odovzdanie informácie okoliu a vyvolanie rozruchu (buzz - rozruch). Buzzmarketing verzus guerilla marketing. Vytvorenie príbehu na upútanie pozornosti médií. Umenie využiť škandál. Vyvolanie rozruchu pomocou známej osobnosti. Váha hovoreného slova. Zachovanie kvality produktu.
Uložené v:
| Hlavný autor: | |
|---|---|
| Médium: | Kapitola |
| Jazyk: | Czech |
| Predmet: | |
| Tagy: |
Žiadne tagy, Buďte prvý, kto otaguje tento záznam!
|
MARC
| LEADER | 00000naa$a2200000$$$4500 | ||
|---|---|---|---|
| 001 | 0053127 | ||
| 005 | 20231016105847.1 | ||
| 041 | 0 | |a cze | |
| 044 | |a CZ | ||
| 245 | 1 | 0 | |a Umíte dělat buzzmarketing? |c Mark Hughes |
| 520 | |a Buzzmarketing ako odovzdanie informácie okoliu a vyvolanie rozruchu (buzz - rozruch). Buzzmarketing verzus guerilla marketing. Vytvorenie príbehu na upútanie pozornosti médií. Umenie využiť škandál. Vyvolanie rozruchu pomocou známej osobnosti. Váha hovoreného slova. Zachovanie kvality produktu. | ||
| 610 | 2 | 0 | |a marketing |
| 610 | 2 | 0 | |a komunikácia marketingová |
| 610 | 2 | 0 | |a reklama |
| 610 | 2 | 0 | |a podpora predaja |
| 610 | 2 | 0 | |a produkty |
| 610 | 2 | 0 | |a kvalita |
| 610 | 2 | 0 | |a médiá |
| 100 | 1 | |a Hughes, Mark | |